| 000 | 02003nam a22002537a 4500 | ||
|---|---|---|---|
| 999 |
_c413658 _d413658 |
||
| 001 | 126469 | ||
| 003 | UA-OsUOA | ||
| 005 | 20230504161349.0 | ||
| 007 | ta | ||
| 008 | 20171024b un ||||| |||| 00| 0 ukr d | ||
| 020 | _a978-611-01-0491-3 | ||
| 040 |
_aUA-OsUOA _bukr _cUA-OsUOA _dUA-OsUOA |
||
| 041 | _aukr | ||
| 080 | _a343.102(075.8) | ||
| 090 |
_a343.102(075.8) _bО-60 |
||
| 245 |
_aОперативно-розшукова діяльність _bнавчальний посібник для підготовки до іспитів _cупор. І. В. Тетарчук, Т. Є. Дяків |
||
| 260 |
_aК. _bЦУЛ _c2017 |
||
| 300 | _a212 с. | ||
| 520 | _aОперативно-розшукова діяльність є системою гласних і негласних пошукових, розвідувальних та контррозвідувальних заходів, що, здійснюються із застосуванням оперативних та оперативно-технічних засобів. Її завданням є пошук і фіксація фактичних даних про протиправні діяння окремих осіб та груп, відповідальність за які передбачена Кримінальним кодексом України, розвідувально-підривну діяльність спеціальних служб іноземних держав та організацій з метою припинення правопорушень та в інтересах кримінального судочинства, а також отримання інформації в інтересах безпеки громадян, суспільства і держави. | ||
| 650 | 7 |
_a343 Кримінальне право. Карні порушення _2UDC |
|
| 942 |
_cBK _2udc |
||
| 955 | _a2 | ||